| 000 | 00684nam a2200205 i 4500 | ||
|---|---|---|---|
| 001 | 58717 | ||
| 003 | ES-MaACL | ||
| 005 | 20250529131008.0 | ||
| 007 | t| | ||
| 008 | 031023s1974 sp ||||1| spa d | ||
| 100 | 1 |
_aQueirós, Eça de, _d1845-1900 _994499 |
|
| 245 | 1 | 3 |
_aEl conde de Abraños / _cJosé María Eça de Queiroz ; traducción Mariano Tudela. |
| 260 |
_a[Madrid] : _bEdiciones del Centro, _c[1974] |
||
| 300 |
_a153 p. ; _c21 cm. |
||
| 490 | 1 |
_aTrébol rojo. Series del centro ; _v5 |
|
| 700 | 1 |
_aTudela, Mariano, _d1925-2001 _9111632 |
|
| 830 | 0 |
_aTrébol rojo. Series del centro ; _v5 _9187565 |
|
| 852 |
_aES-MaACL _jE-4395 |
||
| 999 |
_c58717 _d58717 |
||